TB. OF OBSTETRICS (Record no. 19627)

MARC details
000 -LEADER
fixed length control field 00333nam a22001577a 4500
003 - CONTROL NUMBER IDENTIFIER
control field SGT
020 ## - INTERNATIONAL STANDARD BOOK NUMBER
International Standard Book Number 978-81-7739-581-5
082 ## - DEWEY DECIMAL CLASSIFICATION NUMBER
Classification number 618.2
Item number O20S
100 ## - MAIN ENTRY--PERSONAL NAME
Personal name SHARMA, J.B.
245 ## - TITLE STATEMENT
Title TB. OF OBSTETRICS
250 ## - EDITION STATEMENT
Edition statement 2ND
260 ## - PUBLICATION, DISTRIBUTION, ETC. (IMPRINT)
Place of publication, distribution, etc INDIA
Name of publisher, distributor, etc AVICHAL PUB.
Year of Publication 2020
300 ## - PAGE DESCRIPTION
No. of Pages 824
650 ## - SUBJECT ADDED ENTRY--TOPICAL TERM
Topical term or geographic name as entry element OBSTETRICS
942 ## - ADDED ENTRY ELEMENTS (KOHA)
Source of classification or shelving scheme Dewey Decimal Classification
Koha item type Books
942 ## - ADDED ENTRY ELEMENTS (KOHA)
-- 35
Holdings
Withdrawn status Lost status Source of classification or shelving scheme Damaged status Not for loan Collection code Home library Current library Shelving location Date acquired Vendor Name Cost, normal purchase price SGTU Bill Number Total Checkouts Full call number Accession No. (Barcode) Date last seen Date last borrowed Bill Date Koha item type Total Renewals
    Dewey Decimal Classification     MEDICAL SGT Medical Library SGT Medical Library Text Book 30/12/2019 ABC DELHI 1395.00 SGTU 11576 10 618.2 O20S FM11871 03/03/2025 18/02/2025 14/11/2019 Books  
    Dewey Decimal Classification     MEDICAL SGT Medical Library SGT Medical Library Text Book 30/12/2019 ABC DELHI 1395.00 SGTU 11576 5 618.2 O20S FM11872 15/01/2024 19/12/2023 14/11/2019 Books  
    Dewey Decimal Classification     MEDICAL SGT Medical Library SGT Medical Library Text Book 30/12/2019 ABC DELHI 1395.00 SGTU 11576 19 618.2 O20S FM11873 30/07/2025 08/07/2025 14/11/2019 Books 1
    Dewey Decimal Classification     MEDICAL SGT Medical Library SGT Medical Library Text Book 30/12/2019 ABC DELHI 1395.00 SGTU 11576 4 618.2 O20S FM11874 13/10/2021 24/09/2021 14/11/2019 Books  
    Dewey Decimal Classification     MEDICAL SGT Medical Library SGT Medical Library Text Book 30/12/2019 ABC DELHI 1395.00 SGTU 11576 10 618.2 O20S FM11875 11/06/2025 11/06/2025 14/11/2019 Books